Um bocadinho de inverno (Registo nº 28370)

Detalhes MARC
000 -Etiqueta do registo
Valores 00772cam a2200289 4500
010 ## - Número ISBN
ISBN 9722111965
021 ## - Número do Depósito Legal
-- PT
Número 123965/98
090 ## -
-- 28370
100 ## - Dados gerais de processamento
Dados gerais 20070914d2003 a y0pory5003 ba
101 1# - Língua de publicação
-- por
-- eng
102 ## - País de publicação
-- PT
105 ## -
-- a z 000yy
106 ## -
-- r
200 1# - Titulo e menção de responsabilidade
Título próprio Um bocadinho de inverno
Primeira menção de responsabilidade Paul Stewart
Outras menções de responsabilidade il. Chris Riddell
-- trad. José Oliveira
210 ## - Publicação
Local de publicação Lisboa
Nome do editor Caminho,
Data de publicação 2003
215 ## - Descrição física 
Paginação / Volumes [26] p.
Outras indicações físicas il.
Dimensões 24 cm
225 2# - Colecção 
Título próprio da colecção Livros do arco-íris
304 ## - Nota relativa ao título
Texto de nota Tít. orig.: A little bit of winter
675 ## - CDU
Notação 087.5
Edição BN
Língua por
700 #1 - Autor principal (pessoa individual)
Apelido Stewart,
Nome Paul
702 #1 - Autor secundário (pessoa individual)
Apelido Oliveira,
Nome José
-- 730
ID Autoridade 2099
702 #1 - Autor secundário (pessoa individual)
Apelido Riddell,
Nome Chris
-- 440
801 #0 - Fonte de origem
País PT
Agência BN
Regras de catalogação RPC
930 ## -
-- BECRE
990 ## - Elementos KOHA
Tipo de documento Livro
995 ## - Localização e informação dos exemplares
-- 18
Exemplares
Situação do levantamento Estado Biblioteca de origem Biblioteca de empréstimo Código de barras Cota Permissão de empréstimo Tipo de documento
  Completo Biblioteca da Escola Básica de Aguiar Biblioteca da Escola Básica de Aguiar 112BA 087.5 STE Disponível Livro




Powered by Koha